<?xml version="1.0" encoding="UTF-8"?>
<record
    xmlns:xsi="http://www.w3.org/2001/XMLSchema-instance"
    xsi:schemaLocation="http://www.loc.gov/MARC21/slim http://www.loc.gov/standards/marcxml/schema/MARC21slim.xsd"
    xmlns="http://www.loc.gov/MARC21/slim">

  <leader>02361njm a2200409Ia 4500</leader>
  <controlfield tag="001">23843</controlfield>
  <controlfield tag="003">IT-RoPAU</controlfield>
  <controlfield tag="005">20220918181154.0</controlfield>
  <controlfield tag="008">131025s9999    xx            000 0 und d</controlfield>
  <datafield tag="040" ind1=" " ind2=" ">
    <subfield code="a">IT-RoPAU</subfield>
  </datafield>
  <datafield tag="040" ind1=" " ind2=" ">
    <subfield code="c">IT-RoPAU</subfield>
  </datafield>
  <datafield tag="999" ind1=" " ind2=" ">
    <subfield code="c">102369</subfield>
    <subfield code="d">102369</subfield>
  </datafield>
  <datafield tag="999" ind1=" " ind2=" ">
    <subfield code="b">n.d.</subfield>
  </datafield>
  <datafield tag="100" ind1=" " ind2=" ">
    <subfield code="a">AA.VV.</subfield>
    <subfield code="9">794</subfield>
  </datafield>
  <datafield tag="100" ind1=" " ind2=" ">
    <subfield code="e">Autore musica</subfield>
    <subfield code="9">6535</subfield>
  </datafield>
  <datafield tag="100" ind1=" " ind2=" ">
    <subfield code="g">Codice autore musica SPICS: 12000</subfield>
    <subfield code="9">796</subfield>
  </datafield>
  <datafield tag="245" ind1=" " ind2=" ">
    <subfield code="a">Autentico ballo liscio N.1 (L') - Lp Ox/3011</subfield>
  </datafield>
  <datafield tag="250" ind1=" " ind2=" ">
    <subfield code="a">1a ed.</subfield>
  </datafield>
  <datafield tag="260" ind1=" " ind2=" ">
    <subfield code="a">MILANO</subfield>
  </datafield>
  <datafield tag="260" ind1=" " ind2=" ">
    <subfield code="b">OXFORD RECORD</subfield>
    <subfield code="c">1976 [1a Ed.:1976]</subfield>
  </datafield>
  <datafield tag="300" ind1=" " ind2=" ">
    <subfield code="a">DISCO</subfield>
  </datafield>
  <datafield tag="300" ind1=" " ind2=" ">
    <subfield code="c">40 minuti (Testo:  pag.)</subfield>
  </datafield>
  <datafield tag="500" ind1=" " ind2=" ">
    <subfield code="a">Musica da ballo: valzer, polka, mazurka, tango, machiche scottish</subfield>
  </datafield>
  <datafield tag="505" ind1=" " ind2=" ">
    <subfield code="a">Caminito (3:00) - El chocio  (3:00) - Tico tico (3:00) - Delicado (3:00) - Gazzellina (2:00) - Burlesca (2:00) - Serenata a dispetto (5:00) - Organino paesano, cuccagna - Buona sera - Gita torinese - Serenata a dispetto, gazzellina - Valzer di mezzanotte - Organino paesano - Voli l&#xE0; - Lucciole vagabonde - Polka paesana - Notte di Toledo - Cesarina - Agilmente - Vecchia Napoli</subfield>
  </datafield>
  <datafield tag="511" ind1=" " ind2=" ">
    <subfield code="a">Complesso Ambrosiano Pinotti-Carluccio</subfield>
  </datafield>
  <datafield tag="650" ind1=" " ind2=" ">
    <subfield code="a">BALLO [DISCHI]</subfield>
    <subfield code="e">Codice MATERIA SPICS: 9950</subfield>
    <subfield code="9">6536</subfield>
  </datafield>
  <datafield tag="700" ind1=" " ind2=" ">
    <subfield code="a">Filiberto Juan Dios</subfield>
    <subfield code="d">Codice autore musica SPICS: 15731</subfield>
    <subfield code="e">Autore musica</subfield>
    <subfield code="p">Caminito</subfield>
    <subfield code="9">6537</subfield>
  </datafield>
  <datafield tag="700" ind1=" " ind2=" ">
    <subfield code="a">Willoldo</subfield>
    <subfield code="d">Codice autore musica SPICS: 26012</subfield>
    <subfield code="e">Autore musica</subfield>
    <subfield code="p">El chocio</subfield>
    <subfield code="9">6538</subfield>
  </datafield>
  <datafield tag="700" ind1=" " ind2=" ">
    <subfield code="a">Abrau</subfield>
    <subfield code="d">Codice autore musica SPICS: 26013</subfield>
    <subfield code="e">Autore musica</subfield>
    <subfield code="p">Tico tico</subfield>
    <subfield code="9">6539</subfield>
  </datafield>
  <datafield tag="700" ind1=" " ind2=" ">
    <subfield code="a">Azevedo Dermi</subfield>
    <subfield code="d">Codice autore musica SPICS: 2609</subfield>
    <subfield code="e">Autore musica</subfield>
    <subfield code="p">Delicado</subfield>
    <subfield code="9">6540</subfield>
  </datafield>
  <datafield tag="700" ind1=" " ind2=" ">
    <subfield code="a">Pinotti</subfield>
    <subfield code="d">Codice autore musica SPICS: 26014</subfield>
    <subfield code="e">Autore musica</subfield>
    <subfield code="p">Gazzellina - Burlesca - Organino paesano, cuccagna - Gita torinese - Serenata a dispetto, gazzellina - Notte di Toledo - Vecchia Napoli</subfield>
    <subfield code="9">6541</subfield>
  </datafield>
  <datafield tag="700" ind1=" " ind2=" ">
    <subfield code="a">Berlusconi</subfield>
    <subfield code="d">Codice autore musica SPICS: 26015</subfield>
    <subfield code="e">Autore musica</subfield>
    <subfield code="p">Serenata a dispetto - Buona sera - Organino paesano - Polka paesana - Agilmente</subfield>
    <subfield code="9">6542</subfield>
  </datafield>
  <datafield tag="700" ind1=" " ind2=" ">
    <subfield code="a">Amodio</subfield>
    <subfield code="d">Codice autore musica SPICS: 26016</subfield>
    <subfield code="e">Autore musica</subfield>
    <subfield code="p">Valzer di mezzanotte</subfield>
    <subfield code="9">6543</subfield>
  </datafield>
  <datafield tag="700" ind1=" " ind2=" ">
    <subfield code="a">Bircus</subfield>
    <subfield code="d">Codice autore musica SPICS: 26017</subfield>
    <subfield code="e">Autore musica</subfield>
    <subfield code="p">Voli l&#xE0;</subfield>
    <subfield code="9">6544</subfield>
  </datafield>
  <datafield tag="700" ind1=" " ind2=" ">
    <subfield code="a">Bixio Cesare Andrea</subfield>
    <subfield code="d">Codice autore musica SPICS: 13441</subfield>
    <subfield code="e">Autore musica</subfield>
    <subfield code="p">Lucciole vagabonde</subfield>
    <subfield code="9">6545</subfield>
  </datafield>
  <datafield tag="700" ind1=" " ind2=" ">
    <subfield code="a">Pezzolo</subfield>
    <subfield code="d">Codice autore musica SPICS: 18091</subfield>
    <subfield code="e">Autore musica</subfield>
    <subfield code="p">Cesarina</subfield>
    <subfield code="9">6546</subfield>
  </datafield>
  <datafield tag="942" ind1=" " ind2=" ">
    <subfield code="c">MD</subfield>
    <subfield code="2">ddc</subfield>
  </datafield>
  <datafield tag="952" ind1=" " ind2=" ">
    <subfield code="0">0</subfield>
    <subfield code="1">0</subfield>
    <subfield code="4">0</subfield>
    <subfield code="6">23843_000000000000000</subfield>
    <subfield code="7">1</subfield>
    <subfield code="a">SPICS</subfield>
    <subfield code="b">SPICS</subfield>
    <subfield code="d">2013-10-25</subfield>
    <subfield code="l">0</subfield>
    <subfield code="o">23843</subfield>
    <subfield code="r">2013-10-25 00:00:00</subfield>
    <subfield code="w">2013-10-25</subfield>
    <subfield code="y">MD</subfield>
    <subfield code="z">Progr. Ins.: 4690 / N.Vol.: 1 / Copie: 1 - Copia rara: n.d. / date import: 01.01.2014 - By Epidotti, Trombetti, Vaglietti</subfield>
  </datafield>
</record>
